Trhové ceny poľnohospodárskej pôdy v SR a v krajinách EÚ
Prezentácia a vyhodnotenie výsledkov analýz sledovania trhových cien poľnohospodárskej pôdy v rokoch 2001-2003 vo vybraných okresoch Slovenska. Trhové ceny sú sledované a vyhodnotené podľa veľkostnej štruktúry predávaných pozemkov, druhu pozemkov a predpokladaného ďalšieho využitia. Zistené výsledky...
Guardado en:
| Autor principal: | |
|---|---|
| Otros Autores: | |
| Formato: | Capítulo de libro |
| Lenguaje: | eslovaco |
| Materias: | |
| Etiquetas: |
Sin Etiquetas, Sea el primero en etiquetar este registro!
|
MARC
| LEADER | 00000naa$a2200000$$$4500 | ||
|---|---|---|---|
| 001 | 0033311 | ||
| 005 | 20231018090824.1 | ||
| 041 | 0 | |a slo | |
| 044 | |a SK | ||
| 245 | 1 | 0 | |a Trhové ceny poľnohospodárskej pôdy v SR a v krajinách EÚ |c Štefan Buday, Katarína Bradáčová |
| 520 | |a Prezentácia a vyhodnotenie výsledkov analýz sledovania trhových cien poľnohospodárskej pôdy v rokoch 2001-2003 vo vybraných okresoch Slovenska. Trhové ceny sú sledované a vyhodnotené podľa veľkostnej štruktúry predávaných pozemkov, druhu pozemkov a predpokladaného ďalšieho využitia. Zistené výsledky sú jedinými relevantnými údajmi o trhových cenách poľnohospodárskej pôdy na Slovensku. Vývoj trhových cien poľnohospodárskej pôdy vo vybraných krajinách EÚ. | ||
| 610 | 2 | 0 | |a pôda poľnohospodárska |
| 610 | 2 | 0 | |a cena pôdy |
| 610 | 2 | 0 | |a obchod s pôdou |
| 610 | 2 | 0 | |a ceny trhové |
| 610 | 2 | 0 | |a Slovensko |
| 610 | 2 | 0 | |a Európska únia |
| 100 | 1 | |a Buday, Štefan | |
| 700 | 1 | |a Bradáčová, Katarína | |